| 000 | 00863nam a22002297a 4500 | ||
|---|---|---|---|
| 999 |
_c3695 _d3695 |
||
| 003 | OSt | ||
| 005 | 20240822091744.0 | ||
| 008 | 240822b ||||| |||| 00| 0 eng d | ||
| 020 | _a9780008353698 | ||
| 040 | _cKH8 | ||
| 082 | _a812 GOU | ||
| 100 |
_aGould, Mike, _eauthor. |
||
| 245 |
_aCambridge IGCSE Drama : _bStudent's Book / _cMike Gould and Rebekah Beattie. |
||
| 260 |
_aLondon ; _bCollins, _c2019. |
||
| 300 |
_a159 pages : _bcolor illustrations ; _c27 cm. |
||
| 520 | _aPrepare for the Cambridge IGCSE Drama 2022 syllabus with an approach that helps to create a varied, stimulating and enjoyable learning environment that enables students of different confidence and ability levels to flourish. | ||
| 650 | _aDrama | ||
| 650 |
_aDrama problems _vexercise |
||
| 650 | _aProblem and exercise | ||
| 700 |
_aBeattie, Rebekah, _eauthor. |
||
| 942 |
_2ddc _cTR |
||